000 00420nam a2200181Ia 4500
001 4131
005 20260306145733.0
008 260306t2006||||xx |||||||||||||| ||spa||
041 _aESP
082 _a306.85
_bR75 T. 1
100 _aRodríguez Canales, José Manuel
_eAUT
245 0 _aFamilia Hoy:
_bamor conyugal
260 _c2006
300 _a
_c
650 _aGEN
654 _aCED
942 _cLIB
_dJUS
_fJUS
_2ddc
_n
999 _c4131
_d4131